Statistics for Greek mythology quiz

Click here to take the quiz!

General Stats

  • This quiz has been taken 144 times
  • The average score is 13 of 22

Answer Stats

DescriptionAnswer% Correct
God of thieves and also the messenger of godsHermes
90%
The Centauri were half men and half...Horses
90%
Persephone was his wifeHades
89%
Three-headed dogCerberus
88%
Beast with nine heads. Hercules killed itHydra
84%
He loved himself too muchNarcissus
83%
Brother of CastorPollux
81%
Witch who transformed people to pigsCirce
71%
Trojan prince who was killed by AchillesHector
69%
Daedalus built thisLabyrinth
65%
Polyphemus the Cyclop was son of...Poseidon
64%
Greek equivalent of VespaHestia
60%
Goddess born in CyprusAphrodite
58%
The two kids of Zeus and Hera were Ares and...Hephaestus
58%
Greek island were Zeus grew upCrete
56%
King that blinded PolyphemusOdysseus
54%
A girl that fell in love with TheseusAriadne
46%
Mother of AchillesThetis
37%
Greek warrior and also a Dutch teamAjax
35%
Perseus' motherDanae
20%
The father of TheseusAegeas
14%
Modern name of Ogygia (the island where Callypso lived)Malta
12%

Score Distribution

Percentile by Number Answered

Percent of People with Each Score

Your Score History

You have not taken this quiz